محاولات إغتيال النبي (ص) وفشلها / (رقم التسجيلة. 78452)

تفاصيل مارك
000 -الفاتح
عناصر البيانات ثابتة الطول 00747cam a2200205 i 4500
005 - تاريخ ووقت آخر معاملة
حقل ضبط 20251231114002.0
008 - عناصر البيانات ثابتة الطول
عناصر البيانات ثابتة الطول 250721s1999 le gr 000 0 ara d
082 14 - رقم تصنيف ديوي العشري
رقم التصنيف 219
رقم المادة ن ص ا
100 1# - مدخل رئيسي – اسم شخصي
الاسم الشخصي نصار، محمود
علاقة الشخص بالعمل/ دوره مؤلف.
245 10 - بيان العنوان
العنوان محاولات إغتيال النبي (ص) وفشلها /
بيان المسؤولية تأليف محمود نصار؛ السيد يوسف.
250 ## - بيان الطبعة
بيان الطبعة الطبعة الأولى.
264 31 - بيانات النشر، التوزيع…إلخ
مكان النشر، التوزيع...إلخ بيروت :
اسم الناشر، الموزع...إلخ دار الكتب العلمية،
تاريخ النشر، التوزيع...إلخ 1999.
300 ## - الوصف المادي
عدد الوحدات المكونة للوعاء 102صفحة.
650 17 - مدخل إضافي بالموضوع - مصطلح موضوعي
مصطلح موضوعي أو اسم جغرافي كعنصر مدخل السيرة النبوية.
650 17 - مدخل إضافي بالموضوع - مصطلح موضوعي
مصطلح موضوعي أو اسم جغرافي كعنصر مدخل الإغتيالات.
650 17 - مدخل إضافي بالموضوع - مصطلح موضوعي
مصطلح موضوعي أو اسم جغرافي كعنصر مدخل محمد صلى الله عليه وسلم.
700 1# - مدخل إضافي - اسم شخصي
الاسم الشخصي يوسف، السيد
علاقة الشخص بالعمل/ دوره مؤلف.
942 ## - بيانات إضافية (كوها)
نوع التنصيف Dewey Decimal Classification
نوع المادة (كوها) كتب
المقتنيات
حالة السحب حالة الفقدان مصدر التصنيف حالة التلف غير قابل للإعارة المكتبة الرئيسية المكتبة الحالية موقع الرف تاريخ التزويد الرقم المتسلسل Total Checkouts رقم الإستدعاء الباركود تاريخ آخر ظهور تاريخ الفاتورة نوع المادة (كوها)
    Dewey Decimal Classification     المكتبة المركزية المكتبة المركزية الإعارة 06/07/2004 630338   219 / ن ص ا 630338 28/07/2025 06/07/2004 كتب
Implemented & Customized by: BBB with SCIT (Smart Chains for Information Technology)

Powered by Koha